| 000 | 00630nam a22001937a 4500 | ||
|---|---|---|---|
| 999 |
_c14471 _d14471 |
||
| 003 | MIRAKIL | ||
| 005 | 20210806165915.0 | ||
| 008 | 210806b tu ||||| |||| 00| 0 tur d | ||
| 040 |
_aTR-AnCHP _cTR-AnCHP |
||
| 041 | _aTur | ||
| 082 |
_a297.211 _bT25 1955 |
||
| 245 |
_aTanrı buyruğu / _cÇeviren Ömer Rıza Doğrul. |
||
| 260 |
_a[İstanbul] : _bAhmet Halil Kitabevi, _c1955. |
||
| 300 |
_ac.: _c25 sm. |
||
| 650 | 0 |
_9513 _aİslam dini _xKuran-ı kerim meali |
|
| 700 |
_96339 _aDoğrul, Ömer Rıza _eçev. |
||
| 740 | _aEser adı dış kapakta : Tanrı buyruğu : Kur'an-ı Kerim'in tercüme ve tefsiri. | ||
| 942 |
_2ddc _cBKS |
||